[Event "First Saturday 09 July FM-B"]
[Site "?"]
[Date "2009.07.13"]
[Round "2.5"]
[White "Ellappen, Jenine"]
[Black "Boulahfa, Hicham"]
[Result "1/2-1/2"]
[WhiteElo "1894"]
[BlackElo "2022"]
[PlyCount "30"]
[EventDate "2009.07.04"]

1. e4 c5 2. Nf3 d6 3. d4 cxd4 4. Nxd4 Nf6 5. Nc3 g6 6. Be3 Bg7 7. f3 Nc6 8. Qd2
O-O 9. O-O-O Bd7 10. Kb1 a6 11. g4 Qb8 12. h4 Rc8 13. g5 Nh5 14. Rg1 b6 15.
Nxc6 Bxc6 1/2-1/2